000 01324cam a2200301 i 4500
001 englishsimplifie00ells
003 CaSfIA
005 20210118004658.0
007 cr||||
008 761130s1977 nyu 00110 eng
010 _a 76057227 //r932
020 _a0690008767
040 _aDLC
_cDLC
_dDLC
_dCaSfIA
050 0 0 _aPE1113
_b.E4 1977
082 0 0 _a428/.2/0202
100 1 0 _aEllsworth, Blanche,
_d1902-
245 1 0 _aEnglish simplified :
_h[electronic resource]
_bpunctuation, spelling, grammar, usage, mechanics, documentation /
_cBlanche Ellsworth.
250 _a3d ed.
260 0 _aNew York :
_bCrowell,
_cc1977.
300 _a32 p. ;
_c29 cm.
_a& exercise book.
500 _aIncludes index.
650 0 _aEnglish language
_xGrammar.
856 4 1 _uhttp://www.archive.org/details/englishsimplifie00ells
_zFree eBook from the Internet Archive
856 4 2 _uhttp://www.openlibrary.org/books/OL4908421M
_zAdditional information and access via Open Library
942 _cEB
506 _fНеобхідна авторизація на https://archive.org/ (створення облікового запису безкоштовно)
506 _fНеобхідна авторизація на https://openlibrary.org/ (створення облікового запису безкоштовно)
999 _c493145
_d493145